Государственная геологическая карта Российской Федерации: Карты. Лист R-55 – Чокурдах (Запись № 13741888)
[ простой вид ]
| 000 -МАРКЕР | |
|---|---|
| контрольное поле | 02563nem2a2200361 4500 |
| 001 - ИДЕНТИФИКАТОР ЗАПИСИ | |
| контрольное поле | RU\NLR\BIBL_A\022658137 |
| 005 - ИДЕНТИФИКАТОР ВЕРСИИ | |
| контрольное поле | 20260628200553.0 |
| 010 ## - МЕЖДУНАРОДНЫЙ СТАНДАРТНЫЙ НОМЕР КНИГИ (ISBN) | |
| Номер (ISBN) | 978-5-00193-769-2 |
| Тираж | 100 |
| 035 ## - ДРУГИЕ СИСТЕМНЫЕ НОМЕРА | |
| Идентификатор записи | (NLR Aleph) 022658137 |
| 100 ## - ДАННЫЕ ОБЩЕЙ ОБРАБОТКИ | |
| Данные общей обработки | 20251030d2023 m||y0rusy50 ca |
| 101 0# - ЯЗЫК РЕСУРСА | |
| Язык текста, звукозаписи и т.д. | русский |
| 102 ## - СТРАНА ПУБЛИКАЦИИ ИЛИ ПРОИЗВОДСТВА | |
| Страна публикации | Российская Федерация |
| 120 ## - ПОЛЕ КОДИРОВАННЫХ ДАННЫХ: КАРТОГРАФИЧЕСКИЕ МАТЕРИАЛЫ - ОБЩИЕ ХАРАКТЕРИСТИКИ | |
| Кодированные данные о картографическом материале (общие) | byyy xx|| |
| 123 1# - ПОЛЕ КОДИРОВАННЫХ ДАННЫХ: КАРТОГРАФИЧЕСКИЕ МАТЕРИАЛЫ - МАСШТАБ И КООРДИНАТЫ | |
| Тип масштаба | a |
| Постоянное отношение линейного горизонтального масштаба | 1000000 |
| 200 1# - ЗАГЛАВИЕ И СВЕДЕНИЯ ОБ ОТВЕТСТВЕННОСТИ | |
| Основное заглавие | Лист R-55 – Чокурдах |
| Общее обозначение материала | Карты |
| Первые сведения об ответственности | Исполнители работ Московский филиал ФГБУ «ВСЕГЕИ» |
| Последующие сведения об ответственности | Редактор комплекта Шнейдер Г.В |
| -- | Авторы: Котова Екатерина Дмитриевна и др. |
| 206 ## - ОБЛАСТЬ СПЕЦИФИЧЕСКИХ СВЕДЕНИЙ: КАРТОГРАФИЧЕСКИЕ МАТЕРИАЛЫ - МАТЕМАТИЧЕСКИЕ ДАННЫЕ | |
| Сведения о математических данных | 1:1 000 000 |
| 210 ## - ПУБЛИКАЦИЯ, РАСПРОСТРАНЕНИЕ И ДР. | |
| Место издания, распространения и т.д. | Санкт-Петербург |
| Имя издателя, распространителя и т. д. | Изд-во ВСЕГЕИ |
| Дата издания, распространения и т.д. | 2023 |
| 215 ## - ФИЗИЧЕСКАЯ ХАРАКТЕРИСТИКА | |
| Специфическое обозначение материала и объем | 3 к. (6 л.) |
| Другие сведения о физической характеристике | цв., схемы, проф., табл. |
| Размеры | 93х64 см и др., в кор. 25х17 см |
| 225 1# - СЕРИЯ | |
| Основное заглавие серии | Серия Верхояно-Колымская |
| 300 ## - ОБЩИЕ ПРИМЕЧАНИЯ | |
| Текст примечания | Карты: Карта полезных ископаемых; Карта закономерностей размещения и прогноза полезных ископаемых; Геологическая карта дочетвертичных образований |
| 327 1# - ПРИМЕЧАНИЯ О СОДЕРЖАНИИ | |
| Текст примечания | Доп. карты: Схема прогноза полезных ископаемых.- 1: 2 500 000; Тектоническая схема.- 1: 2 500 000; Схема глубинного строения.- 1: 2 500 000 |
| 461 #0 - УРОВЕНЬ НАБОРА | |
| Встроенное поле | 001RU\NLR\BIBL_A\012660634 |
| -- | 2001#$aГосударственная геологическая карта Российской Федерации |
| Системный номер (АБИС) связанной записи | 12754783 |
| Место публикации | Санкт-Петербург |
| Дата публикации | 2019-2022 |
| Издание | 3-е поколение |
| Первые сведения об ответственности | Оформл. и отпеч. на картогр. ф-ке ВСЕГЕИ |
| Имя издателя, распространителя и т.д. | ВСЕГЕИ |
| Физическая характеристика | ...компл |
| Заглавие | Государственная геологическая карта Российской Федерации: Карты |
| 509 01 - ЗАГОЛОВОК -СТРУКТУРИРОВАННОЕ ГЕОГРАФИЧЕСКОЕ ИЛИ ТЕМАТИЧЕСКОЕ НАИМЕНОВАНИЕ | |
| Графика поля | Кириллица |
| Географическое / тематическое наименование – начальный элемент ввода | Саха (Якутия) |
| Инвертируемая часть | республика |
| Системный номер авторитетной/нормативной записи | 2633469 |
| Идентификатор авторитетной / нормативной записи | RU\NLR\auth_crt\55292 |
| 607 ## - ГЕОГРАФИЧЕСКОЕ НАИМЕНОВАНИЕ КАК ПРЕДМЕТ | |
| Географическое наименование | Саха (Якутия), Республика |
| Формальный подзаголовок | Карты |
| Тематический подзаголовок | Геология |
| Системный номер авторитетной/нормативной записи | 2221246 |
| Идентификатор авторитетной/нормативной записи | RU\NLR\AUTH\661333778 |
| 608 ## - ФОРМА, ЖАНР, ФИЗИЧЕСКИЕ ХАРАКТЕРИСТИКИ ДОКУМЕНТА КАК ТОЧКА ДОСТУПА | |
| Начальный элемент ввода | Карты полезных ископаемых |
| Системный номер авторитетной/нормативной записи | 2327007 |
| Идентификатор авторитетной/нормативной записи | RU\NLR\AUTH\661391795 |
| 608 ## - ФОРМА, ЖАНР, ФИЗИЧЕСКИЕ ХАРАКТЕРИСТИКИ ДОКУМЕНТА КАК ТОЧКА ДОСТУПА | |
| Начальный элемент ввода | Геологические карты |
| Системный номер авторитетной/нормативной записи | 938579 |
| Идентификатор авторитетной/нормативной записи | RU\NLR\AUTH\6628198 |
| 702 #1 - ИМЯ ЛИЦА - ВТОРИЧНАЯ ОТВЕТСТВЕННОСТЬ | |
| Начальный элемент ввода | Котова |
| Часть имени, кроме начального элемента ввода | Е. Д. |
| Расширение инициалов личного имени | Екатерина Дмитриевна |
| Код отношения | Автор |
| 702 #1 - ИМЯ ЛИЦА - ВТОРИЧНАЯ ОТВЕТСТВЕННОСТЬ | |
| Начальный элемент ввода | Шнейдер |
| Часть имени, кроме начального элемента ввода | Г. В |
| Код отношения | Редактор |
| 852 ## - МЕСТОНАХОЖДЕНИЕ И ШИФР ХРАНЕНИЯ | |
| Идентификатор организации | NLR |
| Наименование фонда или коллекции (Sub-Location Identifier) | К |
| Шифр хранения (Call Number) | 4-Союз 6/5000 |
| Идентификатор единицы | 25-88 |
| 942 ## - ДОПОЛНИТЕЛЬНЫЕ ЭЛЕМЕНТЫ ЗАПИСИ (АБИС) | |
| Тип экземпляра АБИС | Карта |
| 980 ## - КОЛЛЕКЦИЯ | |
| Название коллекции | Национальная библиография |
Нет доступных экземпляров.